000 00477ngm a2200181 4500
005 20220526150940.0
006 a|||||r|||| 00| |
008 160218b xxu||||| |||| 00| 0 spa d
041 _aspa
082 _a121 DVD
245 _aBosque Nuboso Monteverde
260 _aCosta Rica
_bMertec
_c1999
300 _a44 minutos
650 _aBOSQUE NUBOSO MONTEVERDE
_935092
650 _aBIODIVERSIDAD
_91061
650 _aPROTECCIÓN DEL MEDIO AMBIENTE
_97720
942 _cDVD
999 _c9006
_d9006